| 000 | 00509nam a22001937a 4500 | ||
|---|---|---|---|
| 003 | KOHA_MİRAKIL | ||
| 005 | 20250415151909.0 | ||
| 008 | 250415b tu ||||| |||| 00| 0 tur d | ||
| 020 | _a9786257949606 | ||
| 040 |
_aTR-AnABB _btur _cTR-AnABB |
||
| 041 | _atur | ||
| 082 |
_a297.7 _bERN 2022 |
||
| 100 | 1 | _aErnst, W Carl , | |
| 245 | 1 | 0 |
_aSufizm / _cCarl W. Ernst |
| 260 |
_aİstanbul : _bSufi kitap, _c2022 |
||
| 300 |
_a302 sayfa ; _c20 cm |
||
| 650 | 0 | 0 | _aİslam dini, rehber |
| 942 |
_2ddc _cBK |
||
| 999 |
_c8705 _d8705 |
||
| 900 | _bGizem YORULMAZ | ||